Философские вопросы науки о Земле; Методологические аспекты геологических проблем

Dettagli Bibliografici
Autore principale: Комаров В. Н. Виктор Николаевич
Lingua:russo
Pubblicazione: Казань, Изд-во Казанского ун-та, 1974
Soggetti:
Natura: Libro
KOHA link:https://koha.lib.tpu.ru/cgi-bin/koha/opac-detail.pl?biblionumber=57445

MARC

LEADER 00000nam0a2200000 4500
001 57445
005 20231031054232.0
035 |a (RuTPU)RU\TPU\book\60611 
090 |a 57445 
100 |a 20031104d1974 k y0rusy50 ca 
101 0 |a rus 
102 |a RU 
105 |a a z 001zy 
200 1 |a Философские вопросы науки о Земле  |a Методологические аспекты геологических проблем  |f В. Н. Комаров 
210 |a Казань  |c Изд-во Казанского ун-та  |d 1974 
215 |a 173 с.  |c ил. 
610 1 |a геология 
610 1 |a философские проблемы 
610 1 |a диалектический материализм 
610 1 |a астрогеология 
675 |a 55:1  |v 3 
700 1 |a Комаров  |b В. Н.  |g Виктор Николаевич 
801 1 |a RU  |b 63413507  |c 20031104  |g PSBO 
801 2 |a RU  |b 63413507  |c 20071203  |g PSBO 
942 |c BK